AU LIBRARIES
Centralized Library System Across Seven Campuses

Operation Management: (Record no. 47521)

MARC details
000 -LEADER
fixed length control field 00578nam a22001817a 4500
005 - DATE AND TIME OF LATEST TRANSACTION
control field 20260505131514.0
008 - FIXED-LENGTH DATA ELEMENTS--GENERAL INFORMATION
fixed length control field 260505b |||||||| |||| 00| 0 eng d
020 ## - INTERNATIONAL STANDARD BOOK NUMBER
ISBN 978-0-13-413042-2
082 ## - DEWEY DECIMAL CLASSIFICATION NUMBER
Classification number 658.5
Author Mark HAI-O
100 ## - MAIN ENTRY--AUTHOR
Author Name Haizer, Jay
-- Barry RENDER
-- Chuck MUNSON
245 ## - TITLE STATEMENT
Title Operation Management:
Sub-Title Sustainability and Supply Chain Management
250 ## - EDITION STATEMENT
Edition statement 12th Ed
260 ## - PUBLICATION, DISTRIBUTION, ETC.
Place of Publication United States of America
Name of publisher, distributor, etc. Pearson Education, Inc.
Date of publication, distribution, etc. 2017
300 ## - PHYSICAL DESCRIPTION
Pages 910 p.
500 ## - GENERAL NOTE
General note Includes bibliographical references and index.
650 ## - SUBJECT ADDED ENTRY--TOPICAL TERM
Subject / Department Production management
942 ## - ADDED ENTRY ELEMENTS (KOHA)
Koha item type Book
Holdings
Withdrawn status Lost status Damaged status Not for loan Collection code Permanent Location Current Location Shelving Location Date acquired Source of acquisition Price Inventory number Total Checkouts Full Call Number Accession No./Barcode Date last seen Koha item type
        Management Science Air University Kharian Campus Library Air University Kharian Campus Library Management Science 04/09/2026 Ali Book Services 4948.00 KA/10221   658.5 HAI-O AUKHP0648 05/05/2026 Book
Air University Sector E-9, Islamabad Pakistan
Email: librarian@au.edu.pk  Tel : +0092 51 9262612 Ext: 631